000 00404pab a2200157 454500
008 180718b2011 xxu||||| |||| 00| 0 eng d
100 _aLiu, Weihua
245 _aChina's rise and its implications for the west (review essay)
260 _c2011
300 _ap.643-647.
362 _aOct
650 _aInternational relations
773 _aAsian Politics and Society
908 _aN
909 _a93700
999 _c93700
_d93700